[Event "4NCL/Div3/WES2 vs. SCS"]
[Site "West Bromwich ENG"]
[Date "2004.03.27"]
[Round "5.1"]
[White "Hopkins, Jamie R"]
[Black "Dickinson, Timothy R"]
[Result "1/2-1/2"]
[WhiteElo "2136"]
[BlackElo "2177"]
[PlyCount "25"]
[EventDate "2004.03.27"]

1. f4 e5 2. fxe5 Nc6 3. Nf3 d6 4. exd6 Bxd6 5. d4 Nf6 6. g3 Bg4 7. c3 Qd7 8.
Nbd2 O-O-O 9. Nc4 Rhe8 10. Nxd6+ Qxd6 11. Bg2 Qe6 12. Bg5 Nd5 13. h3 1/2-1/2

[Event "4NCL/Div3/WES2 vs. SCS"]
[Site "West Bromwich ENG"]
[Date "2004.03.27"]
[Round "5.2"]
[White "Reynolds, D Ian"]
[Black "Rutter, Nicholas"]
[Result "1-0"]
[WhiteElo "2103"]
[BlackElo "2124"]
[PlyCount "87"]
[EventDate "2004.03.27"]

1. e4 c5 2. c3 Nf6 3. e5 Nd5 4. Nf3 Nc6 5. Bc4 Nb6 6. Bb3 c4 7. Bc2 g6 8. O-O
Bg7 9. Qe2 d6 10. exd6 Qxd6 11. Na3 Qe6 12. Be4 f5 13. Bxc6+ bxc6 14. Re1 Qxe2
15. Rxe2 Kf7 16. Ne5+ Bxe5 17. Rxe5 Be6 18. Nc2 Bd5 19. Nb4 Kf6 20. Re1 e5 21.
d4 cxd3 22. Nxd3 Rhe8 23. b3 e4 24. Nc5 g5 25. c4 Bf7 26. Bb2+ Kg6 27. Rad1
Rad8 28. Nb7 Rxd1 29. Rxd1 Rb8 30. Rd6+ Kh5 31. Na5 Nxc4 32. Nxc4 Bxc4 33. Rxc6
Bxb3 34. axb3 Rxb3 35. Bc1 a5 36. g3 a4 37. Kg2 a3 38. Ra6 Rc3 39. Be3 h6 40.
Bd4 Rc2 41. Bg7 g4 42. Rxh6+ Kg5 43. Ra6 a2 44. Bh6+ 1-0

[Event "4NCL/Div3/WES2 vs. SCS"]
[Site "West Bromwich ENG"]
[Date "2004.03.27"]
[Round "5.3"]
[White "Clark, Ian C"]
[Black "Poobalasingam, Peter S"]
[Result "1-0"]
[WhiteElo "2112"]
[BlackElo "2020"]
[PlyCount "69"]
[EventDate "2004.03.27"]

1. e4 e6 2. d4 d5 3. Nc3 Nf6 4. Bg5 Be7 5. e5 Nfd7 6. h4 f6 7. exf6 Nxf6 8. Bd3
c5 9. dxc5 Nbd7 10. Nf3 Nxc5 11. Bb5+ Bd7 12. Qe2 O-O 13. Bxd7 Qxd7 14. Rd1 h6
15. Ne5 Qe8 16. Be3 Rc8 17. Rh3 Nce4 18. Bd4 Bb4 19. Rdd3 a6 {=} 20. g4 Nd7 21.
Rhf3 Nxe5 22. Bxe5 Qg6 23. a3 Bc5 24. h5 Qh7 25. Rxf8+ Rxf8 26. f3 Ng5 27. Na4
Ba7 28. Bd6 Re8 29. Be5 Nf7 30. Bg3 Ng5 31. Bf4 Nf7 32. Rxd5 Rc8 33. Rd2 g5 34.
Qxe6 Rf8 35. Bg3 1-0

[Event "4NCL/Div3/WES2 vs. SCS"]
[Site "West Bromwich ENG"]
[Date "2004.03.27"]
[Round "5.4"]
[White "Mooring, Ross A C"]
[Black "Brameld, Arthur F"]
[Result "0-1"]
[WhiteElo "2040"]
[BlackElo "2079"]
[PlyCount "63"]
[EventDate "2004.03.27"]

1. e4 Nf6 2. d3 e5 3. g3 d5 4. Nd2 Bc5 5. Bg2 Bg4 6. Ngf3 Nc6 7. O-O dxe4 8.
Nxe4 Nxe4 9. dxe4 Qxd1 10. Rxd1 Nd4 11. Rd3 Nxc2 12. Nxe5 Nxa1 13. Nxg4 Rd8 14.
Rc3 Rd1+ 15. Bf1 b6 16. Kg2 O-O 17. Be2 Re1 18. Bf3 Rd8 19. e5 h5 20. Ne3 Bd4
21. Rxc7 Bc5 22. b4 Rxc1 23. bxc5 Rxc5 24. Rxa7 Nc2 25. Nxc2 Rxc2 26. Be4 Rb2
27. Rb7 g6 28. a4 Rdd2 29. Rb8+ Kg7 30. Rb7 Rxf2+ 31. Kg1 Rfd2 32. e6 0-1

[Event "4NCL/Div3/WES2 vs. SCS"]
[Site "West Bromwich ENG"]
[Date "2004.03.27"]
[Round "5.5"]
[White "Gregory, Keith D"]
[Black "Bland, David"]
[Result "1-0"]
[WhiteElo "2096"]
[BlackElo "2006"]
[PlyCount "89"]
[EventDate "2004.03.27"]

1. c4 c5 2. b3 b6 3. Bb2 Bb7 4. Nf3 e6 5. d3 Nf6 6. Nbd2 d5 7. g3 Nc6 8. Bg2
Be7 9. O-O O-O 10. Qc2 Nd7 11. Rad1 a6 12. Rfe1 Bf6 13. a3 Bxb2 14. Qxb2 b5 15.
cxd5 exd5 {=} 16. d4 Qf6 17. e4 Nxd4 18. Nxd4 cxd4 19. exd5 Nb6 20. Ne4 Qg6 21.
d6 f5 22. Qxd4 Bxe4 23. Bxe4 fxe4 24. Qxb6 Qf7 25. Rxe4 Qxb3 26. Qd4 Qf7 27.
Re7 Qf6 28. Qd5+ Kh8 29. Rd2 Rad8 30. Re3 h6 31. h4 a5 32. d7 b4 33. axb4 axb4
34. Re6 Qc3 35. Rc6 Qa1+ 36. Rd1 Qb2 37. Rd2 Qa1+ 38. Kg2 Qa7 39. Qd6 Qa5 40.
Ra6 Qf5 41. Qd4 Rf6 42. Rxf6 Qxf6 {=} 43. Qxb4 Qc6+ 44. Kh2 Rxd7 45. Qf8+ 1-0

[Event "4NCL/Div3/WES2 vs. SCS"]
[Site "West Bromwich ENG"]
[Date "2004.03.27"]
[Round "5.6"]
[White "Lutton, J Arnold"]
[Black "Marsh, Roger"]
[Result "1/2-1/2"]
[WhiteElo "1680"]
[BlackElo "2087"]
[PlyCount "46"]
[EventDate "2004.03.27"]

1. e4 c6 2. d4 d5 3. e5 g6 4. Bd3 h5 5. Nf3 Nh6 6. Bxh6 Bxh6 7. O-O Bg4 8. h3
Bxf3 9. Qxf3 e6 10. Nc3 Nd7 11. Rfe1 a6 12. Ne2 Qh4 13. Qg3 Qxg3 14. Nxg3 c5
15. c3 Ke7 16. Re2 cxd4 17. cxd4 Rac8 18. Rc2 Rxc2 19. Bxc2 Rc8 20. Bd3 Nb6 21.
Ne2 Na4 22. Rb1 {=} 22... Bd2 23. h4 Kd8 1/2-1/2

[Event "4NCL/Div3/WES2 vs. SCS"]
[Site "West Bromwich ENG"]
[Date "2004.03.27"]
[Round "5.7"]
[White "Pleasants, Allan J"]
[Black "Hardy-Wallace, Daniel"]
[Result "1-0"]
[WhiteElo "2107"]
[BlackElo "1376"]
[PlyCount "86"]
[EventDate "2004.03.27"]

1. Nf3 Nf6 2. c4 g6 3. Nc3 Bg7 4. g3 O-O 5. Bg2 d6 6. d4 Nbd7 7. O-O e5 8. Qc2
c6 9. Bg5 Qc7 10. Rad1 Re8 11. dxe5 dxe5 12. b3 Nc5 13. e4 Bg4 14. Rd2 Rad8 15.
Be3 Bxf3 16. Bxf3 Rxd2 17. Qxd2 Rd8 18. Qc2 Ne6 19. Ne2 Nd4 20. Nxd4 exd4 21.
Bf4 Qa5 22. Bd2 Qc7 23. Be2 Qd7 24. Bd3 Qh3 25. f3 h5 26. Bg5 Re8 27. Re1 Nh7
28. Bf1 Qd7 29. Bc1 c5 30. Qd3 g5 31. Bg2 f5 32. f4 g4 33. Kf2 Qe7 34. Bd2 fxe4
35. Rxe4 Qf7 36. Rxe8+ Qxe8 37. Bd5+ Kh8 38. Bxb7 Nf6 39. Qf5 Qf7 40. Bd5 Qe8
41. Bg2 Qe7 42. a3 a5 43. Qe5 Ne4+ 1-0

[Event "4NCL/Div3/WES2 vs. SCS"]
[Site "West Bromwich ENG"]
[Date "2004.03.27"]
[Round "5.8"]
[White "Lowry-O'Reilly, Hannah"]
[Black "Norman, Dinah"]
[Result "0-1"]
[WhiteElo "1352"]
[BlackElo "2022"]
[PlyCount "52"]
[EventDate "2004.03.27"]

1. d4 d5 2. c4 c6 3. cxd5 cxd5 4. Nc3 Nc6 5. Bf4 Nf6 6. e3 a6 7. a3 Bf5 8. Bd3
Bxd3 9. Qxd3 e6 10. Nf3 Be7 11. O-O O-O 12. Rac1 Rc8 13. Rfe1 Nh5 14. Ne2 Nxf4
15. Nxf4 Qd6 16. Rc2 f5 17. Rec1 g5 18. Ne2 Bf6 19. h3 Qd7 20. Ng3 h6 21. Ne2
Na7 22. Ng3 Rxc2 23. Rxc2 Nc6 24. Nh5 Bh8 25. Ng3 Qd6 26. Nh5 Na5 {time} 0-1

[Event "4NCL/Div3/AD2 vs. BRI2"]
[Site "West Bromwich ENG"]
[Date "2004.03.27"]
[Round "5.1"]
[White "Wallace, Paul"]
[Black "Dilleigh, Stephen P"]
[Result "1-0"]
[WhiteElo "2166"]
[BlackElo "2163"]
[PlyCount "57"]
[EventDate "2004.03.27"]

1. e4 d6 2. d4 Nf6 3. Nc3 g6 4. Bg5 Bg7 5. f3 O-O 6. Qd2 c6 7. Bh6 e5 8. Bxg7
Kxg7 9. Nge2 Qe7 10. O-O-O Nbd7 11. g4 h5 12. g5 Nh7 13. h4 f6 14. f4 exf4 15.
Nxf4 fxg5 16. hxg5 Nb6 17. Be2 Bd7 18. Rdg1 Rh8 19. Bxh5 Nf8 20. Be2 Ne6 21.
Rh6 Nxf4 22. Qxf4 Raf8 23. Qh4 Qe8 24. Rh1 Rfg8 25. Rh7+ Rxh7 26. Qxh7+ Kf8 27.
Rf1+ Bf5 28. exf5 Qe3+ 29. Kb1 1-0

[Event "4NCL/Div3/AD2 vs. BRI2"]
[Site "West Bromwich ENG"]
[Date "2004.03.27"]
[Round "5.2"]
[White "Curtis, John"]
[Black "Mangwengwende, John"]
[Result "1-0"]
[WhiteElo "2121"]
[BlackElo "2140"]
[PlyCount "41"]
[EventDate "2004.03.27"]

1. d4 Nf6 2. Nf3 g6 3. Nc3 Bg7 4. e4 O-O 5. Be3 d6 6. Qd2 Ng4 7. Bg5 f6 8. Bc4+
d5 9. Nxd5 e6 10. h3 fxg5 11. hxg4 Rxf3 12. gxf3 exd5 13. Bxd5+ Kh8 14. O-O-O
c6 15. Bb3 a5 16. e5 Qe7 17. Qd3 Qe8 18. Qc4 Nd7 19. Rde1 Nb6 20. Qf7 Bd7 21.
Rxh7+ 1-0

[Event "4NCL/Div3/AD2 vs. BRI2"]
[Site "West Bromwich ENG"]
[Date "2004.03.27"]
[Round "5.3"]
[White "Beveridge, Nigel"]
[Black "White, Michael"]
[Result "0-1"]
[WhiteElo "2028"]
[BlackElo "2068"]
[PlyCount "134"]
[EventDate "2004.03.27"]

1. c4 e5 2. Nc3 Nf6 3. Nf3 Nc6 4. g3 d5 5. cxd5 Nxd5 6. Bg2 Nb6 7. O-O Be7 8.
d3 O-O 9. a3 Be6 10. b4 a5 11. b5 Nd4 12. Rb1 f6 13. Nd2 Bd5 14. Nxd5 Nxd5 15.
Bb2 a4 16. Bxd4 exd4 17. Qc2 Nc3 18. Ra1 Ra5 19. Bxb7 Rxb5 20. Ba6 Nxe2+ 21.
Kg2 Qa8+ 22. Nf3 Qxa6 23. Qxe2 Bc5 24. Qa2+ Kh8 25. Nd2 Qb7+ 26. Kg1 Rb2 27.
Qc4 Qb5 28. Qxb5 Rxb5 29. Rfc1 Kg8 30. Rc4 Ra5 31. Ne4 Bb6 32. Rac1 Rb8 33. Kf1
Kf8 34. Ke2 f5 35. Ng5 Re8+ 36. Kf1 h6 37. Nf3 Rd8 38. Re1 Rdd5 39. Nd2 Kf7 40.
f4 c5 41. Nf3 Bc7 42. Re2 Kf6 43. Re8 g5 44. fxg5+ hxg5 45. Rg8 g4 46. Nh4 Re5
47. Rf8+ Ke6 48. Ng6 Re3 49. Re8+ Kf6 50. Rxe3 dxe3 51. Nf4 Bxf4 52. Rxf4 Rb5
53. Rxa4 Rb2 54. Rc4 Rxh2 55. a4 Ra2 56. Rxc5 Rxa4 57. Ke2 Ra2+ 58. Kxe3 Rg2
59. Rc6+ Kg5 60. d4 Rxg3+ 61. Ke2 f4 62. d5 f3+ 63. Ke1 Rg1+ 64. Kf2 Rg2+ 65.
Ke3 f2 66. Ke2 g3 67. d6 Rg1 0-1

[Event "4NCL/Div3/AD2 vs. BRI2"]
[Site "West Bromwich ENG"]
[Date "2004.03.27"]
[Round "5.4"]
[White "Easton, Alex"]
[Black "Spanton, Timothy"]
[Result "1-0"]
[WhiteElo "2091"]
[BlackElo "2020"]
[PlyCount "125"]
[EventDate "2004.03.27"]

1. Nf3 c5 2. c4 Nc6 3. d4 cxd4 4. Nxd4 g6 5. e4 Nf6 6. Nc3 d6 7. Be2 Nxd4 8.
Qxd4 Bg7 9. Bg5 O-O 10. Qd2 Be6 11. Rc1 Qa5 12. b3 Rfc8 13. f3 a6 14. Nd5 Qxd2+
15. Kxd2 Bxd5 16. cxd5 Nd7 17. Rxc8+ Rxc8 18. Rc1 Rxc1 19. Kxc1 Bf6 20. Be3 Bc3
21. a3 Ba5 22. b4 Bb6 23. Bg5 f6 24. Bh4 g5 25. Be1 Kf7 26. Kc2 Bg1 27. h4 Ne5
28. hxg5 fxg5 29. a4 Be3 30. a5 Ke8 31. b5 axb5 32. Bxb5+ Kd8 33. Bc3 Ng6 34.
Kd3 Bc5 35. Ke2 Kc7 36. g3 Kd8 37. Bd2 h6 38. f4 g4 39. f5 Ne5 40. Bxh6 Bb4 41.
Bd2 Bxd2 42. Kxd2 Kc7 43. Ke3 Kb8 44. Kf4 Ka8 45. f6 exf6 46. Kf5 Kb8 47. Kxf6
Kc7 48. Kf5 Kd8 49. Be2 Ke7 50. a6 bxa6 51. Bxa6 Kf7 52. Be2 Nf3 53. Kxg4 Nd4
54. Bc4 Kf6 55. Kf4 Nc2 56. g4 Kg6 57. e5 dxe5+ 58. Kxe5 Ne3 59. Be2 Kf7 60. d6
Nc2 61. g5 Nb4 62. Bb5 Nc2 63. g6+ 1-0

[Event "4NCL/Div3/AD2 vs. BRI2"]
[Site "West Bromwich ENG"]
[Date "2004.03.27"]
[Round "5.5"]
[White "Graham, Nick"]
[Black "Stock, Toby"]
[Result "0-1"]
[WhiteElo "1840"]
[BlackElo "2048"]
[PlyCount "38"]
[EventDate "2004.03.27"]

1. d4 Nf6 2. Nf3 g6 3. Nc3 d5 4. Bg5 Bg7 5. e3 O-O 6. Be2 c5 7. Ne5 Nc6 8. h4
Qb6 9. Na4 Qa5+ 10. c3 Nxe5 11. dxe5 Ne4 12. Bxe7 Re8 13. b4 cxb4 14. cxb4 Qc7
15. Bc5 Bxe5 16. Rc1 Bg3 17. O-O Bxh4 18. Qxd5 Bd7 19. Be7 Bxf2+ 0-1

[Event "4NCL/Div3/AD2 vs. BRI2"]
[Site "West Bromwich ENG"]
[Date "2004.03.27"]
[Round "5.6"]
[White "Boyce, G Michael"]
[Black "Pritchard, David"]
[Result "1/2-1/2"]
[WhiteElo "2000"]
[BlackElo "1864"]
[PlyCount "67"]
[EventDate "2004.03.27"]

1. Nf3 g6 2. d4 Bg7 3. g3 Nf6 4. c4 O-O 5. Bg2 d6 6. O-O Nbd7 7. Nc3 e5 8. e4
Re8 9. h3 exd4 10. Nxd4 Nc5 11. Re1 a5 12. Qc2 h6 13. Be3 c6 14. Rad1 Qe7 15.
Kh2 Be6 16. Nxe6 Nxe6 17. Qd2 Nc5 18. Bxh6 Rad8 19. Bxg7 Kxg7 20. Qd4 Qe5 21.
Qxe5 dxe5 22. f3 Ne6 23. Rxd8 Rxd8 24. Rd1 Rxd1 25. Nxd1 Nd4 26. Kg1 Nd7 27.
Kf2 Nc5 28. Ke3 f6 29. Nf2 Kf7 30. Nd3 Nc2+ 31. Kd2 Nxd3 32. Bf1 Nd4 33. Kxd3
Nxf3 34. Be2 1/2-1/2

[Event "4NCL/Div3/AD2 vs. BRI2"]
[Site "West Bromwich ENG"]
[Date "2004.03.27"]
[Round "5.7"]
[White "Pready, Alex D"]
[Black "Djabri, Kathy"]
[Result "0-1"]
[WhiteElo "1664"]
[BlackElo "2042"]
[PlyCount "96"]
[EventDate "2004.03.27"]

1. e4 c5 2. Nf3 Nc6 3. d4 cxd4 4. Nxd4 e5 5. Nb5 d6 6. N1c3 a6 7. Na3 b5 8. Nd5
Nce7 9. c4 Nxd5 10. cxd5 f5 11. Bd3 fxe4 12. Bxe4 Nf6 13. Qd3 Nxe4 14. Qxe4 Be7
15. Nc2 O-O 16. O-O Bg5 17. Bxg5 Qxg5 18. Qe3 Qg6 19. Rac1 Rf4 20. f3 Bf5 21.
Ne1 Rd4 22. Qb3 Rc8 23. Rc3 h5 24. Kh1 Qg5 25. Rxc8+ Bxc8 26. Qc3 Rc4 27. Qa3
Qd8 28. Nd3 a5 29. Qb3 Qb6 30. Qd1 Qd4 31. Nf2 Qxb2 32. Ne4 Rd4 33. Qe1 Qxa2
34. Qh4 Bf5 35. Qd8+ Kh7 36. Ng5+ Kg6 37. Ne4 Bxe4 38. Qxd6+ Kh7 39. fxe4 Qe2
40. Qf8 Qxe4 41. d6 Qg6 42. h3 Rxd6 43. Qb8 Rd2 44. Qb7 e4 45. Rg1 Qf5 46. Qb6
a4 47. Qe3 Rd3 48. Qe2 b4 0-1

[Event "4NCL/Div3/AD2 vs. BRI2"]
[Site "West Bromwich ENG"]
[Date "2004.03.27"]
[Round "5.8"]
[White "Spiller, Paul"]
[Black "McIntosh, Doreen"]
[Result "1-0"]
[WhiteElo "1736"]
[BlackElo "1304"]
[PlyCount "43"]
[EventDate "2004.03.27"]

1. e4 c5 2. d4 cxd4 3. c3 Nf6 4. e5 Nd5 5. cxd4 Nc6 6. Nf3 d6 7. a3 e6 8. Bd3
dxe5 9. dxe5 g6 10. O-O Bg7 11. Re1 O-O 12. Qe2 Qc7 13. Bd2 Na5 14. Bxa5 Qxa5
15. Nbd2 Qd8 16. Bc4 Ne7 17. Rad1 Qb6 18. Ne4 Nc6 19. Nf6+ Bxf6 20. exf6 Qc7
21. Qd2 h6 22. Qxh6 1-0

[Event "4NCL/Div3/HKF1 vs. ATH"]
[Site "West Bromwich ENG"]
[Date "2004.03.27"]
[Round "5.1"]
[White "Hebden, Mark L"]
[Black "Quinn, John M"]
[Result "1-0"]
[WhiteElo "2549"]
[BlackElo "2167"]
[PlyCount "75"]
[EventDate "2004.03.27"]

1. d4 d5 2. Nf3 Nf6 3. c4 dxc4 4. e3 e6 5. Bxc4 c5 6. O-O a6 7. a4 Nc6 8. Nc3
b6 9. Qe2 Bb7 10. Rd1 cxd4 11. exd4 Nb4 12. Bg5 Be7 13. Bxf6 gxf6 14. d5 Nxd5
15. Nxd5 Bxd5 16. Bxd5 exd5 17. Ra3 Ra7 18. Rad3 Rd7 19. Nd4 Kf8 20. Nf5 Bc5
21. b4 Be7 22. Rxd5 Rxd5 23. Rxd5 Qc7 24. Qd2 Ke8 25. Rd4 Qe5 26. g4 Rg8 27.
Qc2 Qxd4 28. Nxd4 Rxg4+ 29. Kf1 Rxd4 30. Qxh7 Bxb4 31. Qh8+ Ke7 32. h4 Bc5 33.
h5 Rxa4 34. h6 Rh4 35. h7 Bd4 36. Qg7 f5 37. Qg5+ Bf6 38. Qxh4 1-0

[Event "4NCL/Div3/HKF1 vs. ATH"]
[Site "West Bromwich ENG"]
[Date "2004.03.27"]
[Round "5.2"]
[White "Wismayer, Clive R"]
[Black "Cooper, Lawrence"]
[Result "0-1"]
[WhiteElo "2150"]
[BlackElo "2311"]
[PlyCount "130"]
[EventDate "2004.03.27"]

1. e4 e5 2. Nf3 Nc6 3. Nc3 Nf6 4. Bb5 Bd6 5. Bxc6 dxc6 6. d3 Nd7 7. Ne2 O-O 8.
Be3 f6 9. Qd2 Nc5 10. O-O-O Be6 11. Kb1 Qe7 12. Ng3 Qf7 13. a3 Rfd8 14. Qe2 Na4
15. Qe1 a5 16. d4 Bg4 17. h3 Bxf3 18. gxf3 exd4 19. Bxd4 c5 20. Bc3 Qc4 21. Nf5
Nxc3+ 22. Qxc3 Qxc3 23. bxc3 Be5 24. c4 Kf7 25. Rd5 c6 26. Rd3 Rxd3 27. cxd3 b5
28. Kc2 a4 29. d4 cxd4 30. f4 Bxf4 31. Rb1 Rd8 32. cxb5 g6 33. Nh4 d3+ 34. Kd1
cxb5 35. Ng2 Bd6 36. Rxb5 Bxa3 37. Ra5 Rd4 38. Nf4 Bd6 39. Ra7+ Ke8 40. Nd5 a3
41. Nxf6+ Kd8 42. f4 Bxf4 43. Ra8+ Kc7 44. Nd5+ Kb7 45. Rxa3 Bg5 46. Rb3+ Kc8
47. Rb4 Rxb4 48. Nxb4 d2 49. Nc2 Kd7 50. Nd4 Kd6 51. Nf3 Bf4 52. Nxd2 Ke5 53.
Nf3+ Kxe4 54. Ke2 Be3 55. Ne1 Bb6 56. Nd3 Ba7 57. Nb4 Bc5 58. Nd3 Bd4 59. Ne1
Kf4 60. Nf3 Bb6 61. Nd2 Bd4 62. Kf1 Kg3 63. Ne4+ Kxh3 64. Ng5+ Kg4 65. Nxh7 Bg7
0-1

[Event "4NCL/Div3/HKF1 vs. ATH"]
[Site "West Bromwich ENG"]
[Date "2004.03.27"]
[Round "5.3"]
[White "Greet, Andrew N"]
[Black "Fulton, Anthony R"]
[Result "1-0"]
[WhiteElo "2305"]
[BlackElo "2099"]
[PlyCount "91"]
[EventDate "2004.03.27"]

1. e4 d6 2. d4 Nf6 3. Nc3 c6 4. g3 Nbd7 5. Bg2 e5 6. Nge2 Be7 7. a4 Qc7 8. h3
O-O 9. Be3 a5 10. O-O Rb8 11. Qd2 b5 12. axb5 cxb5 13. f4 b4 14. Na4 Ba6 15.
Rfc1 Qc4 16. Kf2 Rfd8 17. b3 Qb5 18. c4 bxc3 19. Naxc3 Qb4 20. Ra4 Qxb3 21.
Rxa5 Bxe2 22. Qxe2 Rbc8 23. Rb5 Qc4 24. Qxc4 Rxc4 25. fxe5 dxe5 26. dxe5 Ne8
27. Nd5 Rxc1 28. Nxe7+ Kf8 29. Bxc1 Kxe7 30. Ba3+ Ke6 31. h4 f5 32. exf5+ Kxf5
33. Be7 Rb8 34. Bh3+ Ke4 35. Bxd7 Rxb5 36. Bxb5 Nc7 37. Bc4 Kxe5 38. Bd8 Ne8
39. Bb5 Nf6 40. Bxf6+ Kxf6 41. Kf3 Kf7 42. Kf4 Kg8 43. Ke5 Kf7 44. Bd3 g6 45.
Bc4+ Kg7 46. Ke6 1-0

[Event "4NCL/Div3/HKF1 vs. ATH"]
[Site "West Bromwich ENG"]
[Date "2004.03.27"]
[Round "5.4"]
[White "McKeown, Paul"]
[Black "Wilson, Jonathan G"]
[Result "1/2-1/2"]
[WhiteElo "2050"]
[BlackElo "2303"]
[PlyCount "73"]
[EventDate "2004.03.27"]

1. d4 Nf6 2. c4 c5 3. d5 e6 4. Nc3 exd5 5. cxd5 d6 6. Nf3 g6 7. h3 Qe7 8. e4
Nbd7 9. Bd3 b5 10. Bxb5 Bg7 11. O-O O-O 12. Re1 Nh5 13. g4 Nhf6 14. Bf4 h5 15.
e5 hxg4 16. exf6 Qxf6 17. Bg5 Qf5 18. Bd3 Qxf3 19. Qxf3 gxf3 20. Be7 Ne5 21.
Bb5 Bxh3 22. Kh2 Bf5 23. Bxd6 Ng4+ 24. Kg3 Bd4 25. Bxf8 Bxf2+ 26. Kxf3 Bxe1 27.
Bxc5 Bh4 28. Bc6 Ne5+ 29. Ke3 Nxc6 30. dxc6 Rc8 31. Bxa7 Rxc6 32. a4 Re6+ 33.
Kf3 Bf6 34. a5 Bd3 35. Ra3 Ba6 36. Rb3 Be5 37. Rb6 1/2-1/2

[Event "4NCL/Div3/HKF1 vs. ATH"]
[Site "West Bromwich ENG"]
[Date "2004.03.27"]
[Round "5.5"]
[White "Ogunshola, Ben"]
[Black "Gruettner, Ralf"]
[Result "1/2-1/2"]
[WhiteElo "2158"]
[BlackElo "2055"]
[PlyCount "41"]
[EventDate "2004.03.27"]

1. c4 Nf6 2. Nc3 g6 3. Nf3 Bg7 4. g3 O-O 5. Bg2 d6 6. O-O e5 7. d3 Nc6 8. Rb1
Nh5 9. b4 f5 10. b5 Ne7 11. Nd5 h6 12. Qc2 g5 13. a4 Ng6 14. Ba3 Rf7 15. a5 Bf8
16. a6 bxa6 17. bxa6 c6 18. Nb4 Bd7 19. Nd2 Qc8 20. Nb3 Rb8 21. Na5 1/2-1/2

[Event "4NCL/Div3/HKF1 vs. ATH"]
[Site "West Bromwich ENG"]
[Date "2004.03.27"]
[Round "5.6"]
[White "Pedersen, Carsten"]
[Black "Fowler, Simon"]
[Result "1/2-1/2"]
[WhiteElo "2040"]
[BlackElo "2119"]
[PlyCount "40"]
[EventDate "2004.03.27"]

1. e4 e6 2. d4 d5 3. Nd2 dxe4 4. Nxe4 Nd7 5. Nf3 Ngf6 6. Nxf6+ Nxf6 7. Bd3 c5
8. Bg5 cxd4 9. Bxf6 Qxf6 10. Bb5+ Bd7 11. Bxd7+ Kxd7 12. Qe2 Rd8 13. Nxd4 Bb4+
14. c3 Ke7 15. O-O Bc5 16. Qb5 Bxd4 17. Qxb7+ Rd7 18. Qb4+ Rd6 19. Qb7+ Rd7 20.
Qb4+ Rd6 1/2-1/2

[Event "4NCL/Div3/HKF1 vs. ATH"]
[Site "West Bromwich ENG"]
[Date "2004.03.27"]
[Round "5.7"]
[White "Forman, Karl L"]
[Black "Gostelow, David W"]
[Result "1/2-1/2"]
[WhiteElo "2028"]
[BlackElo "1976"]
[PlyCount "22"]
[EventDate "2004.03.27"]

1. e4 c5 2. d4 cxd4 3. c3 Nf6 4. e5 Nd5 5. cxd4 d6 6. Nf3 Nc6 7. Bc4 Nb6 8. Bb3
dxe5 9. Nxe5 Nxe5 10. dxe5 Qxd1+ 11. Bxd1 Bd7 1/2-1/2

[Event "4NCL/Div3/HKF1 vs. ATH"]
[Site "West Bromwich ENG"]
[Date "2004.03.27"]
[Round "5.8"]
[White "Dokter, Marike"]
[Black "Summerscale, Claire E"]
[Result "0-1"]
[WhiteElo "1610"]
[BlackElo "2036"]
[PlyCount "62"]
[EventDate "2004.03.27"]

1. e4 d5 2. exd5 Qxd5 3. Nc3 Qa5 4. d4 Nf6 5. Bd2 c6 6. Nf3 Bf5 7. Ne4 Qc7 8.
Nxf6+ exf6 9. Bc4 Bd6 10. c3 Qe7+ 11. Qe2 Qxe2+ 12. Bxe2 O-O 13. O-O Re8 14.
Bc4 Nd7 15. Nh4 Bg4 16. Rfe1 g5 17. f3 Be6 18. Bd3 gxh4 19. Be3 h3 20. Re2 Kh8
21. c4 Rg8 22. Kh1 Rxg2 23. Rxg2 hxg2+ 24. Kxg2 Rg8+ 25. Kh1 h5 26. Rg1 h4 27.
f4 Bg4 28. Bf1 f5 29. h3 Bf3+ 30. Bg2 Rg3 31. Kh2 Bxg2 0-1

[Event "4NCL/Div3/GUI3 vs. SWD2"]
[Site "West Bromwich ENG"]
[Date "2004.03.28"]
[Round "6.1"]
[White "Frostick, Clive A"]
[Black "Kett, Timothy"]
[Result "1-0"]
[WhiteElo "2162"]
[BlackElo "2180"]
[PlyCount "55"]
[EventDate "2004.03.28"]

1. e4 e5 2. Nf3 Nc6 3. Bb5 f5 4. d3 fxe4 5. dxe4 Nf6 6. O-O Bc5 7. Bg5 d6 8.
Nc3 O-O 9. Nd5 Kh8 10. Bc4 Bg4 11. c3 Qd7 12. Nxf6 gxf6 13. Bh6 Rfd8 14. b4 Bb6
15. Qd3 Qe8 16. h3 Bd7 17. Qd2 Qh5 18. Kh2 Ne7 19. Rg1 Bxf2 20. Rgf1 Bb6 21.
Ng5 fxg5 22. Bxg5 Rg8 23. Bxe7 h6 24. Bf7 Rg6 25. Bxg6 Qxg6 26. Rf6 Qg7 27.
Rxh6+ Kg8 28. Bf6 1-0

[Event "4NCL/Div3/GUI3 vs. SWD2"]
[Site "West Bromwich ENG"]
[Date "2004.03.28"]
[Round "6.2"]
[White "May, Frank"]
[Black "Briscoe, Christopher"]
[Result "1-0"]
[WhiteElo "2146"]
[BlackElo "2192"]
[PlyCount "58"]
[EventDate "2004.03.28"]

1. d4 Nf6 2. c4 g6 3. Nc3 d5 4. Nf3 Bg7 5. Bg5 Ne4 6. Bh4 c5 7. e3 cxd4 8. exd4
Qa5 9. Qb3 Nc6 10. cxd5 Bxd4 11. O-O-O Bxc3 12. bxc3 Nxc3 13. dxc6 Nxd1 14. Bc4
Qc3+ {=} 15. Kxd1 Qxb3+ 16. Bxb3 bxc6 17. Re1 e6 18. Bf6 O-O 19. h4 h5 20. Ne5
Bb7 21. f3 a5 22. g4 a4 23. Bc2 hxg4 24. fxg4 c5 25. h5 a3 26. Re3 Rfd8+ 27.
Kc1 Rd4 28. hxg6 Rf4 29. gxf7+ Kf8 1-0

[Event "4NCL/Div3/GUI3 vs. SWD2"]
[Site "West Bromwich ENG"]
[Date "2004.03.28"]
[Round "6.3"]
[White "Norman, Kenneth I"]
[Black "Sully, David"]
[Result "0-1"]
[WhiteElo "2155"]
[BlackElo "2119"]
[PlyCount "76"]
[EventDate "2004.03.28"]

1. Nf3 d5 2. c4 e6 3. g3 Nf6 4. Bg2 Be7 5. O-O O-O 6. d4 c6 7. Qc2 b6 8. b3 Bb7
9. Rd1 Nbd7 10. Nc3 Rc8 11. e4 Nxe4 12. Nxe4 dxe4 13. Qxe4 Bf6 14. Bf4 Qe7 15.
Rac1 Rfd8 16. h4 Nf8 17. Be3 c5 18. Qg4 Bxf3 19. Bxf3 cxd4 20. Bxd4 Bxd4 21.
Rxd4 f5 22. Qf4 Ng6 23. Rxd8+ Rxd8 24. Qe3 f4 25. Qe4 fxg3 26. fxg3 Qd6 27. Qe1
Ne5 28. Be4 Qd4+ 29. Kg2 Ng4 30. Rc3 Qe5 31. Rc2 Rd1 32. Qe2 h5 33. Qf3 Qd4 34.
Bg6 Qg1+ 35. Kh3 Rf1 36. Qa8+ Rf8 37. Qg2 Nf2+ 38. Rxf2 Qxf2 0-1

[Event "4NCL/Div3/GUI3 vs. SWD2"]
[Site "West Bromwich ENG"]
[Date "2004.03.28"]
[Round "6.4"]
[White "Cast, Abigail"]
[Black "Punnett, Alan K"]
[Result "1/2-1/2"]
[WhiteElo "2094"]
[BlackElo "2139"]
[PlyCount "78"]
[EventDate "2004.03.28"]

1. d4 Nf6 2. Nf3 d5 3. c4 dxc4 4. Nc3 Nc6 5. e3 Bg4 6. Bxc4 e6 7. Bd2 Be7 8. h3
Bxf3 9. Qxf3 O-O 10. O-O Na5 11. Bd3 c5 12. Nb5 Nc6 13. Be4 Nxe4 14. Qxe4 a6
15. Na3 cxd4 16. Rfd1 Qd5 17. Qxd5 exd5 18. exd4 Bf6 19. Be3 Rac8 20. Nc2 Rfe8
21. Rac1 g6 22. g3 h5 23. Kg2 Ne7 24. g4 hxg4 25. hxg4 Rc4 26. b3 Rc3 27. Nb4
Rec8 28. Rxc3 Rxc3 29. Rd3 Rc8 30. Rd2 Kf8 31. Rc2 Rxc2 32. Nxc2 Ke8 33. Kf3
Kd7 34. Ke2 Bg7 35. f3 f5 36. Nb4 Ke6 37. Nd3 b6 38. Nb4 fxg4 39. fxg4 a5
1/2-1/2

[Event "4NCL/Div3/GUI3 vs. SWD2"]
[Site "West Bromwich ENG"]
[Date "2004.03.28"]
[Round "6.5"]
[White "Stimpson, Philip M"]
[Black "Brown, Alan M"]
[Result "1/2-1/2"]
[WhiteElo "2123"]
[BlackElo "2113"]
[PlyCount "81"]
[EventDate "2004.03.28"]

1. e4 e6 2. Nc3 d5 3. Nf3 d4 4. Ne2 c5 5. c3 Nc6 6. cxd4 cxd4 7. Qa4 b5 8. Qxb5
Bd7 9. Qc4 e5 10. a3 Rc8 11. Qd3 Nf6 12. Ng3 Be7 13. Be2 h6 14. O-O a5 15. Bd1
O-O 16. Bb3 Qb6 17. Bc4 Bd6 18. b3 Ne7 19. Nh4 Rc7 20. a4 Rfc8 21. Ba3 Bxa3 22.
Rxa3 Nc6 23. Ngf5 Bxf5 24. Nxf5 Ne7 25. Qf3 Ng6 26. g3 Ne7 27. d3 Nxf5 28. Qxf5
Re8 29. Raa1 Nh7 30. Rac1 Qf6 31. Qxf6 Nxf6 32. h3 Rec8 33. Rc2 Kf8 34. f4 Nd7
35. Rcf2 Ke7 36. fxe5 Nxe5 37. Rf5 f6 38. g4 Rc5 39. Kg2 R8c6 40. Kg3 Rc8 41.
h4 1/2-1/2